|
|
|
|
| LEADER |
00000nam0a2200000 4500 |
| 001 |
172092 |
| 005 |
20231101223013.0 |
| 010 |
|
|
|a 9785982271617
|
| 035 |
|
|
|a (RuTPU)RU\TPU\book\186579
|
| 090 |
|
|
|a 172092
|
| 100 |
|
|
|a 20091210d2008 m y0rusy50 ca
|
| 101 |
0 |
|
|a rus
|
| 102 |
|
|
|a RU
|
| 105 |
|
|
|a a j 001zy
|
| 200 |
1 |
|
|a Систематика и номенклатура химических веществ
|e учебное пособие
|f О. В. Михайлов
|
| 210 |
|
|
|a Москва
|c КДУ
|d 2008
|
| 215 |
|
|
|a 308 с.
|c ил.
|
| 320 |
|
|
|a Библиогр.: с. 297-298.
|
| 330 |
|
|
|a В настоящей книге рассмотрены вопросы, касающиеся систематики химических соединений и правил составления их названий по известным формулам с использованием всех действующих в настоящее время номенклатур (тривиальной, полусистематической и систематической ШРАС), а также химических формул по заданным систематиеским названиям. Издание предназначено для химиков любого профиля, а также для студентов, слушающих в вузе курс классификации и номенклатуры химических соединений. В качестве своеобразного пособия по составлению названий химических соединений по их формулам и наоборот оно может быть полезно специалистам в любой области науки и техники, где приходится иметь дело с химическими объектами.
|
| 606 |
1 |
|
|a Химические соединения
|x Номенклатура
|2 stltpush
|3 (RuTPU)RU\TPU\subj\17295
|9 43017
|
| 610 |
1 |
|
|a химия
|
| 610 |
1 |
|
|a систематика
|
| 610 |
1 |
|
|a химические элементы
|
| 610 |
1 |
|
|a классификация
|
| 610 |
1 |
|
|a неорганические соединения
|
| 610 |
1 |
|
|a органические соединения
|
| 610 |
1 |
|
|a элементоорганические соединения
|
| 610 |
1 |
|
|a координационные соединения
|
| 610 |
1 |
|
|a высокомолекулярные соединения
|
| 610 |
1 |
|
|a полимеры
|
| 610 |
1 |
|
|a природные соединения
|
| 610 |
1 |
|
|a специфические химические объекты
|
| 610 |
1 |
|
|a композиции
|
| 675 |
|
|
|a 54-3(075.8)
|v 3
|
| 700 |
|
1 |
|a Михайлов
|b О. В.
|g Олег Васильевич
|
| 801 |
|
1 |
|a RU
|b 63413507
|c 20091210
|
| 801 |
|
2 |
|a RU
|b 63413507
|c 20150521
|g RCR
|
| 942 |
|
|
|c BK
|
| 959 |
|
|
|a 121/20091210
|d 2
|e 0
|f АНЛ:1
|f ЧЗТЛ:1
|